Towards a more effective united nations

Wedi'i Gadw mewn:
Manylion Llyfryddiaeth
Prif Awdur: Urquhart, Brian
Fformat: Llyfr
Iaith:Undetermined
Cyhoeddwyd: Sweden Dag hammarsk Jolo Foundation Uppsala
Pynciau:
Tagiau: Ychwanegu Tag
Dim Tagiau, Byddwch y cyntaf i dagio'r cofnod hwn!
Thư viện lưu trữ: Trung tâm Học liệu Trường Đại học Cần Thơ
LEADER 00496nam a2200169Ia 4500
001 CTU_122443
008 210402s9999 xx 000 0 und d
082 |a 341.23 
082 |b T737 
100 |a Urquhart, Brian 
245 0 |a Towards a more effective united nations 
245 0 |c Brian Urquhart, Erskine Childers 
260 |a Sweden 
260 |b Dag hammarsk Jolo Foundation Uppsala 
650 |a United nations 
904 |i M.Loan 
980 |a Trung tâm Học liệu Trường Đại học Cần Thơ